000 01193nam a2200241Ia 4500
003 Ost
005 20260507075654.0
008 260507s9999||||xx |||||||||||||| ||und||
020 _a4121249957
040 _cfsecg
041 _aara
082 _a658.15
100 _aحسن، توفيق عبد الرحيم يوسف
_eمؤلف
245 0 _aالإدارة المالية الدولية والتعامل بالعملات الأجنبية /
_c توفيق عبد الرحيم يوسف حسن
260 _aعمان:
_bدار صفاء للنشر والتوزيع,
_c2004
300 _a252 صفحة؛
_bإيضاحات ؛
_c24 سم
504 _aالمراجع ص.253
520 _aميزان المدفوعات- النظام النقدي- سعر الصرف الأجنبي- تسمية أسعار العملات- أسعار العملات الاجنبية- حقوق الخيار- عمليات التبديل أو المقايضة- المؤسسات المالية الدولية- الشركات متعددة الشركات.
653 _aالإدارة المالية
653 _aالإستثمارات الأجنبية
653 _aالعملات الأجنبية
942 _cكتاب
999 _c45656
_d45656